| 000 | 00918nam a22002657a 4500 | ||
|---|---|---|---|
| 001 | 1583 | ||
| 003 | CO-MdFUSB | ||
| 005 | 20190202100305.0 | ||
| 008 | 170502t1984 s ||||| |||| 00| 0 s d | ||
| 020 | _a84-7228-880-3 | ||
| 040 |
_aCO-MdFUSB _bspa _cCO-MdFUSB _dCO-MdFUSBC _erda |
||
| 041 | 0 | _aspa | |
| 082 | 0 | 4 | _aG 220 M8471g |
| 100 | 1 |
_aMorgan, G. Campbell (George) (1863-1945) _eautor |
|
| 245 | 4 |
_aLos grandes capítulos de la Biblia _c / G. Campbell Morgan; Francisco Estrelleno, Traductor |
|
| 264 | 4 |
_aTerrassa, Barcelona, España : _bCLIE, _c©1984 |
|
| 336 |
_2rdacontent _a1 _ba1 |
||
| 337 |
_2rdamedia _a2 _b5 |
||
| 338 |
_2rdacarrier _a2 _b5 |
||
| 505 | 0 | 0 | _aTomo I : Estudio desde Génesis hasta el Evangelio de San Lucas. Tomo II : Estudio desde el Evangelio de San Juan hasta Revelación |
| 650 | 0 |
_aBiblia _916 |
|
| 650 | 7 |
_aCrítica literaria _9527 |
|
| 653 | _aBiblia - Comentarios | ||
| 942 | _cBK | ||
| 999 |
_c32891 _d32891 |
||